Institutions politiques & droit constitutionnel (Registro nro. 316013)

Detalles MARC
000 -ENCABEZADO
Número de control [NR] 00764nam a2200217 a 4500
005 - FECHA Y HORA DE LA ÚLTIMA TRANSACCIÓN
control field 20210526101637.0
008 - DE LONGITUD FIJA DE DATOS DE ELEMENTOS - INFORMACIÓN GENERAL
Elementos de longitud fija [NR] 210526s1989 fr |||gr|||| 00| 0 fre d
020 ## - NUMERO INTERNACIONAL NORMALIZADO PARA LIBROS [R]
Número Internacional Normalizado del libro [NR] 2275008071
040 ## - FUENTE DE CATALOGACION [NR]
Agencia de catalogación original [NR] CO-BoUCM
Idioma de catalogación [NR] spa
Quien Cataloga Deissy Garcia
Quien Clasifica Deissy Garcia
041 0# - CODIGO DE IDIOMA [R]
Código de idioma para texto/pista de sonido o título separado [R] Francés
100 1# - ASIENTO PRINCIPAL--NOMBRE PERSONAL [NR]
Nombre personal [NR] Ardant, Philippe
ID Autoridad 96615
245 10 - MENCION DE TITULO [NR]
Título [NR] Institutions politiques & droit constitutionnel
Mención de responsabilidad, etc. [NR] Philippe Ardant
260 ## - PUBLICACION, DISTRIBUCION, ETC. (PIE DE IMPRENTA) [R]
Lugar de publicación, distribución, etc. [R] París
Nombre del editor, distribuidor, etc. [R] Librairie generale de droit et de jurisprudence
Fecha de publicación, distribución, etc. [R] 1989
300 ## - DESCRIPCION FISICA [R]
Extensión [R] 599 páginas
490 0# - MENCION DE SERIE [R]
Mención de serie [R] Manuel
504 ## - NOTA DE BIBLIOGRAFIA, ETC. [R]
Nota de bibliografía, etc. [NR] Incluye referencias bibliográficas
650 #7 - ASIENTO SECUNDARIO DE MATERIA - TERMINO TEMATICO [R]
Término temático o nombre geográfico como elemento de entrada [NR] Derecho constitucional
Subdivisión geográfica [R] Francia
9 (RLIN) 103341
651 1# - ASIENTO SECUNDARIO DE MATERIA - NOMBRE GEOGRAFICO [R]
Nombre geográfico [NR] Francia
Subdivisión general [R] Historia constitucional
9 (RLIN) 103627
942 ## - ELEMENTOS DE ENTRADA AGREGADOS (KOHA)
Tipo de ítem principal el descrito en 300a Libro
Sistema de clasificación DEWEY
Tema principal Derecho
Edición 1
Clasificación 342.44
Parte restante de la signatura top. A676i
Título oculto en OPAC No
Existencias
Signatura topográfica Código de barras Última vez visto Ejemplar Costo de reposición Price effective from Tipo de ítem Perdido Sistema de clasificación Dañado No prestable Tipo de ítem específico Suprimido Ubicación habitual Ubicación actual Localización Fecha de creación Proveedor Forma de adquisición Costo
342.44 A676i 100164264 06/12/2024 Ej.1 26000.00 07/10/2019 Libro   DEWEY     Libro   BodegaJK Claustro Préstamo 2 días después de solicitado 07/10/2019 12 Donación 0.00